000 01187cam a2200289 4500
008 030113n2003 000 0 eng u
020 _a1576854124
035 _a(Sirsi) u120969
050 _a333.339873
_c21
110 _aLearning Express
_94402
245 _aReal estate essentials : a glossary and study guide
260 _aNew York
_bLearning Express
_c2003
300 _a114p.
_c21cm.
350 _a9.99
520 _aThis American study guide for students taking their real estate agent and broker certification exams is divided into four sections. The first offers advice on getting the most from the text itself whilst the second and third offer studying tips and mnemonics for remembering important pieces of information. A useful real estate glossary forms the fourth section and a further list of useful organisations is provided as an appendix.
650 _aDICTIONARIES
650 _aESTATE AGENCY
650 _aGLOSSARIES
650 _aPROPERTY
650 _aREAL ESTATE
690 _aPROPERTY-PROPERTY APPRAISAL AND VALUATION
700 _aTamper, Ralph
700 _aFarthing, Ed
700 _aFarthing, Pat
700 _aMasi, Mary
942 _n0
999 _c102581
_d102581